Environmental characteristics and water quality of hydrologic benchmark network stations in the midwestern United States, 1963-95 /

Bibliographic Details
Main Author: Mast, M. Alisa
Corporate Author: Geological Survey (U.S.)
Other Authors: Turk, John T.
Format: Government Document Book
Language:English
Published: Denver, Colo. : U.S. Geological Survey : 1999.
Series:U.S. Geological Survey circular ; 1173-A.
Subjects:

MARC

Tag First Indicator Second Indicator Subfields
LEADER 00000cam a22000008a 4500
001 in00000003242
005 20151007051105.0
008 980903s1999 couab b f000 0 eng
010 |a  98044326  
020 |a 0607901969 
035 |a (OCoLC)39890483 
035 |9 AJG4678AM 
037 |a 9-780607-901962  |b USGS 
040 |d GPO  |d DLC  |d MvI  |d UtOrBLW 
043 |a n-usc-- 
049 |a UDOC 
050 0 0 |a GB705.M535  |b M38 1999 
074 |a 0620-A 
082 0 0 |a 363.739/42/0978  |2 21 
086 0 |a I 19.4/2:1173-A 
100 1 |a Mast, M. Alisa. 
245 1 0 |a Environmental characteristics and water quality of hydrologic benchmark network stations in the midwestern United States, 1963-95 /  |c by M. Alisa Mast and John T. Turk. 
263 |a 9901 
264 1 |a Denver, Colo. :  |b U.S. Geological Survey :  |c 1999. 
264 2 |a Denver, Colo. :  |b Information Services [distributor], 
300 |a xi, 158 pages :  |b illustrations, maps ;  |c 28 cm. 
336 |a text  |b txt  |2 rdacontent 
337 |a unmediated  |b n  |2 rdamedia 
338 |a volume  |b nc  |2 rdacarrier 
490 1 |a U.S. Geological Survey circular ;  |v 1173-A 
500 |a Shipping list number: 99-0209-P. 
504 |a Includes bibliographical references (pages 137-143). 
650 0 |a Hydrology  |z Middle West  |x History. 
650 0 |a Water quality  |z Middle West  |x History. 
700 1 |a Turk, John T. 
710 2 |a Geological Survey (U.S.) 
830 0 |a U.S. Geological Survey circular ;  |v 1173-A. 
999 |a MARS 
999 f f |s 1a40f83d-03d8-34cc-bf98-1d662e76290b  |i 79a4b6db-a36a-3760-8cb1-45998767cae0  |t 0 
952 f f |p normal  |a Texas A&M University  |b College Station  |c Sterling C. Evans Library  |d Evans: US Documents (Annex 5th floor)  |t 0  |e I 19.4/2:1173A-1173B  |h Superintendent of Documents classification  |i unmediated -- volume  |m A14825842814 
998 f f |a I 19.4/2:1173A-1173B  |t 0  |l Evans: US Documents (Annex 5th floor)